000 00639nam a2200241 i 4500
001 C2-0295611
003 PPAK
005 20180728074049.0
008 090401s2005 nyu |||| ||||| | eng d
020 _a0141016779
040 _aPPAK
_beng
_cPPAK
_erda
082 0 4 _a808.06665
_223
090 0 0 _a808.06665
_bSHE
_dG
100 1 _aShevlin, Chris,
_eauthor
245 1 0 _aWriting for business
264 1 _aNew York :
_bPenguin Books ,
_c2005
300 _axxiv, 248 pages ;
_c18 cm
336 _2rdacontent
_atext
337 _2rdamedia
_aunmediated
338 _2rdacarrier
_avolume
650 1 0 _aBusiness writing
942 _ddc
_cB
999 _c100144
_d100144